000 00746nas a2200241 4500
001 BR0810256
003 BR-BrBNA
005 20231205112944.0
007 ta
008 230509b bl.|||p| |||| 00| 00por d
040 _aBR-BrBNA
_bpor
_cBiblioteca Nacional de Agricultura
041 _a(Pt)
072 _aF01
100 1 _aNicoloso, F.T.
100 1 _aFerrão, G. de E.
100 1 _aCastro, G.Y.
245 1 _apH do meio de cultivo e crescimento de plântulas de ginseng brasileiro cultivadas in vitro
650 _aMACELA BRANCA
650 _aCULTURA DE TECIDO
773 0 _tCiência Rural (Brazil)
_xISSN 0103-8478
_g(Oct 2008), v. 38(7) p. 2059-2062
_wBR0810256
909 _a202311
_bLúcia
_c55
_dLúcia Elande
942 _2AGRIS
_n0
_cANA
999 _c201002
_d201002